000 00551nam a2200193Ia 4500
005 20260119144248.0
008 008 260114s9999 xx 000 0 eng d
020 _a9780081024829
037 _aEBOOK
040 _aCRL
_beng
_cCRL
041 _aeng
_2eng
084 _qCRL
100 _aLee, Tae Woo
_9903547
245 0 _aGraphene for Flexible Lighting and Displays
260 _aWoodhead Publishing
_bElsevier
_c2020
856 _uhttps://www.sciencedirect.com/science/book/9780081024829
942 _cEBOOK
999 _c1495639
_d1495639